00672nam a22001937a 4500003000900000005001700009007000300026008004100029020001800070040002500088082001600113100003200129245012400161250001200285260005300297300002600350500007200376504003000448DO-SdBNP20220526113323.0ta110301s2014 dr a 000 0 spa d a9789945080056 aDO-SdBNPbspacBNPHU 4axxxxbR628r1 aRoa Ogando, Gerardo Augusto10aRedacción :bestrategias para el análisis y la producción de discursos académicos /cGerardo Augusto Roa Ogando a2a. ed. aSanto Domingo :bImpresora Soto Castillo,c2014. a349 p. :bil.c23 cm. aIncluye datos biográficos del autor en la solapa de la portada.  aBibliografía p: 335-341